Reprezentacje Mistrzostw Świata 2022 grające w 1/4 finału po piłkarzu - Statystyki

Ogólne statystyki
  • Ten quiz został rozwiązany 132 razy
  • Średni wynik to 8 z 8
Statystyki odpowiedzi
Piłkarz Drużyna % Poprawnych
Kyle Walker Anglia
100%
Hugo Lloris Francja
100%
Virgil van Dijk Holandia
100%
Achraf Hakimi Maroko
100%
Mislav Orsić Chorwacja
98%
Marquinhos Brazylia
97%
Cristian Romero Argentyna
94%
Ruben Neves Portugalia
83%
Nie znaleziono quizów pasujących do podanych kryteriów
Rozkład punktacji
Procent ludzi z każdym wynikiem
Percentyl według liczby udzielonych odpowiedzi
Twoja historia wyników
Nie rozwiązałeś tego quizu